[Event "ITA-ch U20"]
[Site "Tarvisio"]
[Date "2023.07.08"]
[Round "8"]
[White "Mea, Federico"]
[Black "Gazzato, Nicolo"]
[Result "1/2-1/2"]
[WhiteElo "1379"]
[BlackElo "1539"]
[PlyCount "148"]
[EventDate "2023.07.02"]
[EventType "swiss"]
[EventRounds "9"]
[EventCountry "ITA"]
[SourceTitle "EXT 2024"]
[Source "ChessBase"]
[SourceDate "2023.10.10"]
[SourceVersion "1"]
[SourceVersionDate "2023.10.10"]
[SourceQuality "1"]

1. e4 e6 2. d4 d5 3. Nd2 c5 4. c3 Nc6 5. Ngf3 Nf6 6. e5 Nd7 7. Qb3 Nf6 8. Qd1 Nd7 9. Qb3 Nf6 10. Qd1 Nd7 11. Qb3 Qb6 12. Qxb6 Nxb6 13. Bd3 Nd7 14. Bf1 Nb6 15. Bd3 Nd7 16. Bf1 Nb6 17. Bd3 Bd7 18. Bf1 Bc8 19. Bd3 Bd7 20. 0-0 0-0-0 21. b3 Be7 22. Ba3 Bf8 23. Bc1 Be7 24. Ba3 cxd4 25. Bxe7 Nxe7 26. cxd4 h6 27. Rac1+ Kb8 28. a4 a5 29. Rc5 Na8 30. Rcc1 Nb6 31. Rc5 Na8 32. Rcc1 Nb6 33. Rc5 Na8 34. Rcc1 Nb6 35. Rc5 Na8 36. Rfc1 Rc8 37. Rxc8+ Rxc8 38. Rxc8+ Kxc8 39. Nf1 Nc7 40. Ng3 Na8 41. Nf1 Nc7 42. Ng3 g6 43. Kf1 b5 44. axb5 Bxb5 45. Bxb5 Nxb5 46. Ke2 Kc7 47. Kf1 Kc8 48. Ke2 Kc7 49. h4 Nc6 50. Ke3 Ne7 51. Ke2 Nc6 52. Ke3 Nb4 53. Ke2 Nc6 54. Ke3 Nb4 55. Ke2 Nc6 56. Ke3 Nb4 57. Ne2 Nc6 58. Ng3 Nb4 59. Ne2 Kd7 60. g4 Ke7 61. Ne1 Kd7 62. Nf3 Ke7 63. Ne1 Na3 64. Nf3 Nb5 65. Ne1 Na3 66. f4 Nac2+ 67. Nxc2 Nxc2+ 68. Kd2 Nb4 69. Nc1 Kd7 70. Nd3 Nxd3 71. Kxd3 Kc6 72. Kc3 Kb5 73. h5 gxh5 74. gxh5 a4 1/2-1/2

[Event "Veneto Province-ch qf 82nd"]
[Site "Ceregnano"]
[Date "2023.05.28"]
[Round "5.11"]
[White "De Bortoli, Francesco"]
[Black "Gazzato, Nicolo"]
[Result "1-0"]
[WhiteElo "1894"]
[BlackElo "1450"]
[PlyCount "81"]
[EventDate "2023.05.26"]
[EventType "swiss"]
[EventRounds "5"]
[EventCountry "ITA"]
[SourceTitle "EXT 2024"]
[Source "ChessBase"]
[SourceDate "2023.10.10"]
[SourceVersion "1"]
[SourceVersionDate "2023.10.10"]
[SourceQuality "1"]

1. b4 Nf6 2. Bb2 e6 3. a3 c5 4. b5 d5 5. e3 Bd6 6. Nf3 Nbd7 7. Be2 0-0 8. d3 e5 9. Nbd2 Re8 10. e4 d4 11. a4 Nf8 12. Nc4 Ng6 13. g3 Be6 14. Nfd2 Qd7 15. h4 Rad8 16. h5 Nf8 17. f3 h6 18. Kf2 N6h7 19. Qg1 Bxc4 20. Nxc4 Ne6 21. Rf1 Rf8 22. Ke1 a6 23. b6 Qxa4 24. Kd1 f6 25. Qg2 Nhg5 26. Bc1 Bb8 27. f4 Nf7 28. Qh3 Qc6 29. Bg4 Rfe8 30. Bf5 Nf8 31. Qg4 Nd6 32. Nxd6 Bxd6 33. fxe5 Bxe5 34. Bxh6 Re7 35. Bc1 Ne6 36. h6 Rd6 37. hxg7 Rxg7 38. Qh5 Ng5 39. Bxg5 Rxg5 40. Qh8+ Kf7 41. Rh7+ 1-0

[Event "Venice Province-ch 82nd"]
[Site "Mestre"]
[Date "2023.01.28"]
[Round "2.4"]
[White "Gazzato, Nicolo"]
[Black "Rizzo, Nicodemo"]
[Result "1/2-1/2"]
[WhiteElo "1254"]
[BlackElo "1472"]
[PlyCount "68"]
[EventDate "2023.01.27"]
[EventType "swiss"]
[EventRounds "5"]
[EventCountry "ITA"]
[SourceTitle "EXT 2024"]
[Source "ChessBase"]
[SourceDate "2023.10.10"]
[SourceVersion "1"]
[SourceVersionDate "2023.10.10"]
[SourceQuality "1"]

1. e4 e5 2. Nf3 d6 3. d4 exd4 4. Nxd4 Nf6 5. Nc3 Be7 6. Bc4 Bd7 7. Be3 Nc6 8. 0-0 0-0 9. f3 a6 10. a3 b5 11. Ba2 h6 12. Qd2 Nxd4 13. Qxd4 Nh7 14. Rad1 Bf6 15. Qd2 Bxc3 16. Qxc3 Rc8 17. Qd2 Re8 18. b4 Qe7 19. c4 Be6 20. c5 Bxa2 21. Qxa2 dxc5 22. Bxc5 Qe6 23. Qxe6 Rxe6 24. Rd7 Nf6 25. Rd2 Ree8 26. Rfd1 Kh7 27. Kf2 g5 28. Bd4 Kg6 29. Bxf6 Kxf6 30. Rd5 Re5 31. Rxe5 Kxe5 32. Rd5+ Ke6 33. Ke3 c6 34. Rd3 c5 1/2-1/2